[Event "10th EICC"]
[Site "Budva MNE"]
[Date "2009.03.15"]
[Round "9"]
[White "Jobava,Ba"]
[Black "Inarkiev,E"]
[Result "1/2-1/2"]
[WhiteElo "2669"]
[BlackElo "2656"]
[EventDate "2009.03.06"]

1. c4 c5 2. Nc3 Nc6 3. g3 g6 4. Bg2 Bg7 5. d3 e6 6. Nf3 Nge7 7. Bg5 h6 8.
Bd2 O-O 9. O-O b6 10. a3 d5 11. Rb1 a5 12. e3 Ra7 13. Qb3 Ba6 14. Rfd1 Rd7
15. Na4 Nc8 16. Qc2 N8e7 17. Bc3 Qc7 18. Bxg7 Kxg7 19. cxd5 Nxd5 20. Rbc1
Rc8 21. Qb3 Rcd8 22. Nd2 Nxe3 23. fxe3 Rxd3 24. Qxb6 Qxb6 25. Nxb6 Ne5 26.
Rxc5 Rxd2 27. Rxd2 Rxd2 28. Rxe5 Rd1+ 29. Kf2 Rd2+ 1/2-1/2

[Event "10th EICC"]
[Site "Budva MNE"]
[Date "2009.03.15"]
[Round "9"]
[White "Sjugirov,S"]
[Black "Guseinov,G"]
[Result "1/2-1/2"]
[WhiteElo "2562"]
[BlackElo "2661"]
[EventDate "2009.03.06"]

1. e4 c5 2. Nf3 g6 3. d4 cxd4 4. Nxd4 Nc6 5. c4 Nf6 6. Nc3 Nxd4 7. Qxd4 d6
8. Be2 Bg7 9. Bg5 O-O 10. Qd2 a5 11. Rd1 1/2-1/2

[Event "10th EICC"]
[Site "Budva MNE"]
[Date "2009.03.15"]
[Round "9"]
[White "Kurnosov,I"]
[Black "Areshchenko,A"]
[Result "1/2-1/2"]
[WhiteElo "2602"]
[BlackElo "2673"]
[EventDate "2009.03.06"]

1. e4 c5 2. Nf3 d6 3. d4 cxd4 4. Nxd4 Nf6 5. Nc3 a6 6. Bg5 e6 7. f4 Nbd7 8.
Bc4 Qb6 9. Bb3 Be7 10. f5 Nc5 11. Qf3 Nxb3 12. Nxb3 Qc7 13. O-O O-O 14.
Rad1 b5 15. fxe6 fxe6 16. a3 Bd7 17. Qg3 Nh5 18. Qh4 Qb6+ 19. Kh1 Rxf1+ 20.
Rxf1 Nf6 21. e5 dxe5 22. Bxf6 Bxf6 23. Rxf6 Qd8 24. Ne4 Bc6 25. Qg4 Bxe4
26. Qxe6+ Kh8 27. Rf1 Qg5 28. Qh3 Bxc2 29. Nc5 h6 30. Nxa6 Kh7 31. Nc7 Rf8
32. Rg1 Rf2 33. Qg3 Qxg3 34. hxg3 Bd3 35. Re1 e4 36. b4 Ra2 37. Ne6 Rxa3
38. Nc5 Bc4 39. Nxe4 Ra2 40. Nd6 Bd5 41. Re5 Bxg2+ 42. Kg1 Ba8 43. Nf5 Rg2+
44. Kf1 Rb2 45. Rxb5 Be4 46. Kg1 g5 47. Ne3 Re2 48. Ng4 Bf3 49. Ne5 g4
1/2-1/2

[Event "10th EICC"]
[Site "Budva MNE"]
[Date "2009.03.15"]
[Round "9"]
[White "Stevic,H"]
[Black "Timofeev,Arty"]
[Result "1/2-1/2"]
[WhiteElo "2592"]
[BlackElo "2671"]
[EventDate "2009.03.06"]

1. e4 c5 2. c3 e6 3. d4 d5 4. exd5 exd5 5. Nf3 Nc6 6. Bb5 Bd6 7. dxc5 Bxc5
8. O-O Nge7 9. Nbd2 O-O 10. Nb3 Bd6 11. Bd3 h6 12. h3 Nf5 13. Bc2 Re8 14.
Qd3 g6 15. Qd1 Kh7 16. Re1 Rxe1+ 17. Qxe1 Be6 18. Bd2 a5 19. Rd1 a4 20.
Nbd4 Ncxd4 21. Nxd4 Nxd4 22. cxd4 Qh4 23. Bb4 Bc7 24. Qe3 Kg7 25. a3 Qf6
26. Bd2 h5 27. Bd3 Bd6 28. Bb5 Qf5 29. Bd3 Qf6 30. Bb5 Qf5 31. Bd3 Qf6
1/2-1/2

[Event "10th EICC"]
[Site "Budva MNE"]
[Date "2009.03.15"]
[Round "9"]
[White "Kobalia,M"]
[Black "Brkic,A"]
[Result "1-0"]
[WhiteElo "2634"]
[BlackElo "2550"]
[EventDate "2009.03.06"]

1. e4 c5 2. Nf3 d6 3. Bc4 Nf6 4. d3 Nc6 5. c3 a6 6. Bb3 Bg4 7. Nbd2 e6 8.
h3 Bh5 9. O-O d5 10. Re1 Be7 11. Qe2 Qc7 12. Bc2 O-O 13. Nf1 Rad8 14. Ng3
dxe4 15. dxe4 Bxf3 16. Qxf3 Ne5 17. Qe2 c4 18. Bf4 Nfd7 19. Rad1 b5 20. Rd4
Nb8 21. Be3 Nbc6 22. Rdd1 Ng6 23. Nh5 Bd6 24. g3 e5 25. Qg4 Qd7 26. Qxd7
Rxd7 27. Bh6 Rfd8 28. Bxg7 Be7 29. Nf6+ Bxf6 30. Bxf6 Rxd1 31. Rxd1 Rxd1+
32. Bxd1 Nf8 33. Bg5 Ne6 34. Be3 Kf8 35. Kg2 Ke7 36. h4 Na5 37. Bg4 Nb7 38.
h5 Nbc5 39. Bxe6 Nxe6 40. Kf3 Nd8 41. Kg4 f6 42. f4 exf4 43. gxf4 Nf7 44.
Bd4 Nh6+ 45. Kf3 Nf7 46. f5 Ng5+ 47. Kf4 Nh3+ 48. Kg4 Ng5 49. Bxf6+ 1-0

[Event "10th EICC"]
[Site "Budva MNE"]
[Date "2009.03.15"]
[Round "9"]
[White "Savic,Miod1"]
[Black "Riazantsev,A"]
[Result "1-0"]
[WhiteElo "2525"]
[BlackElo "2634"]
[EventDate "2009.03.06"]

1. e4 c6 2. d4 d5 3. exd5 cxd5 4. c4 Nf6 5. Nc3 e6 6. Nf3 Bb4 7. cxd5 Nxd5
8. Qc2 Nc6 9. Bc4 Nb6 10. Bb5 O-O 11. a3 Be7 12. Be3 Bd7 13. O-O Rc8 14.
Bd3 g6 15. Qe2 Re8 16. Be4 Bf6 17. Rad1 Qe7 18. Rfe1 Qf8 19. h3 Red8 20.
Bb1 Nd5 21. Ne4 Bg7 22. Bg5 f6 23. Bh4 b6 24. Ba2 Nce7 25. Nd6 Rc6 26. Bg3
Bh6 27. Nb5 Ra8 28. Bd6 Qf7 29. Bxe7 Nxe7 30. d5 Nxd5 31. Nfd4 Rc5 32. Nd6
Qf8 33. Nxe6 Qxd6 34. Nxc5 Bc6 35. Ne4 1-0

[Event "10th EICC"]
[Site "Budva MNE"]
[Date "2009.03.15"]
[Round "9"]
[White "Rasulov,Vu"]
[Black "Van Wely,L"]
[Result "1-0"]
[WhiteElo "2391"]
[BlackElo "2625"]
[EventDate "2009.03.06"]

1. e4 c5 2. Nf3 e6 3. d4 cxd4 4. Nxd4 Nf6 5. Nc3 d6 6. Bg5 a6 7. Qf3 Nbd7
8. O-O-O Be7 9. Be2 Qc7 10. Qg3 Nc5 11. Bxf6 Bxf6 12. Bb5+ Kf8 13. Be2 b5
14. Nb3 Ke7 15. f4 b4 16. Nxc5 bxc3 17. Nd3 cxb2+ 18. Kb1 Bc3 19. e5 dxe5
20. Nxe5 Kf8 21. Bf3 Bxe5 22. Bxa8 Bxf4 23. Qa3+ Kg8 24. g3 Be5 25. Rhe1
Bf6 26. Be4 g6 27. Qd6 Qc3 28. Rf1 Kg7 29. Qb6 Rf8 30. Rd3 Qc4 31. Bd5 Qb5
32. Qd6 Qd7 33. Qf4 Qe7 34. Rdf3 Bg5 35. Qe5+ f6 36. Qe2 f5 37. Re1 Re8 38.
Bc6 Rd8 39. Rd3 Bf6 40. g4 Rxd3 41. Qxd3 Qb4 42. Rf1 fxg4 43. Bd7 Qc5 44.
Re1 Kf7 45. Bxc8 Qxc8 46. Qe3 h5 47. Qa7+ Kg8 48. Rf1 Qd8 49. Qxa6 Qe7 50.
Re1 Kf7 51. Qc6 g5 52. Qe4 Kg7 53. Qxe6 Qxe6 54. Rxe6 Kg6 55. a4 Kf5 56.
Rb6 h4 57. a5 g3 58. hxg3 hxg3 59. Rb3 Kf4 60. Rb4+ Kf3 61. Rb3+ Kf4 62.
Rb4+ Kf3 63. Rb3+ Kf2 64. c3 Kf1 65. a6 g2 66. a7 g1=Q 67. a8=Q Qe3 68.
Qh1+ Qg1 69. Qc6 Ke2+ 70. Kxb2 Qf2 71. Kb1 Qf5+ 72. Ka2 Qa5+ 73. Kb2 Qf5
74. Rb5 Qf2 75. Kb3 Kd1 76. Qh1+ Kd2 77. Rd5+ Ke3 78. Qh3+ 1-0

[Event "10th EICC"]
[Site "Budva MNE"]
[Date "2009.03.15"]
[Round "9"]
[White "Vuckovic,Bo"]
[Black "Predojevic,B"]
[Result "1/2-1/2"]
[WhiteElo "2576"]
[BlackElo "2650"]
[EventDate "2009.03.06"]

1. e4 e5 2. Nf3 Nc6 3. Bb5 Nf6 4. O-O Nxe4 5. d4 Nd6 6. Bxc6 dxc6 7. dxe5
Nf5 8. Qxd8+ Kxd8 9. Nc3 Ne7 10. h3 Ng6 11. Bg5+ Ke8 12. Rad1 Bd7 13. a3 h6
14. Bc1 Rd8 15. Kh2 Bc8 16. Rxd8+ Kxd8 17. Rd1+ Bd7 18. g4 Kc8 19. Re1 Be7
20. Kg3 b6 21. Ne2 c5 22. Nf4 Nxf4 23. Bxf4 Ba4 24. b3 Bc6 25. Bc1 a5 26.
Nh4 Re8 27. Nf5 Bf8 28. Bb2 g6 29. Ne3 a4 30. Rd1 axb3 31. cxb3 Bd7 32. f4
Be6 33. Rd3 Rd8 34. Rxd8+ Kxd8 35. Nc4 b5 36. Nd2 Kd7 37. Kf3 h5 38. Bc3
Kc6 39. a4 hxg4+ 40. hxg4 Kb6 41. axb5 Kxb5 42. Kg3 Be7 43. Kh3 Bd8 44. Kg3
Be7 45. Kh3 Bxb3 46. Nxb3 Kc4 47. Nxc5 Bxc5 48. Ba5 Bb6 49. Be1 Kd5 50. Kh4
Be3 51. Kg5 Ke6 52. Ba5 c6 53. Bc7 Bd2 54. Bd6 Be3 55. Bc7 Bc1 56. Bd6 Bd2
57. Bc5 Bc3 58. Bd6 Bd2 59. Bc5 Ba5 60. Kh6 Bc3 61. Kg5 Be1 62. Bd6 Bf2 63.
f5+ gxf5 64. gxf5+ Kd7 65. Kf6 Ke8 66. e6 Bh4+ 67. Kg7 fxe6 68. f6 Bxf6+
69. Kxf6 c5 70. Bxc5 e5 71. Kxe5 1/2-1/2

[Event "10th EICC"]
[Site "Budva MNE"]
[Date "2009.03.15"]
[Round "9"]
[White "Ivanisevic,I"]
[Black "Milanovic,Da"]
[Result "0-1"]
[WhiteElo "2628"]
[BlackElo "2552"]
[EventDate "2009.03.06"]

1. d4 Nf6 2. Nf3 c5 3. d5 b5 4. Bg5 Ne4 5. Bf4 Bb7 6. a4 Nf6 7. e4 Nxe4 8.
axb5 e6 9. Bc4 Bd6 10. Bg3 a6 11. dxe6 dxe6 12. Nc3 Nxg3 13. hxg3 axb5 14.
Rxa8 Bxa8 15. Nxb5 Be7 16. Qxd8+ Bxd8 17. Nd6+ Ke7 18. Ne5 Bc7 19. Ndxf7
Rf8 20. Rxh7 Rxf7 21. Nxf7 Kxf7 22. Kf1 Nd7 23. Rh8 Be4 24. c3 Nb6 25. Bb5
c4 26. Rh4 Bd5 27. Rd4 g5 28. Rd1 Ke7 29. Kg1 Be5 30. Ra1 Bc7 31. Kh2 Nc8
32. Ra6 Bb6 33. f3 Bb7 34. Ra4 Nd6 35. Ba6 Bd5 36. Kh3 Kf6 37. Rb4 Ba5 38.
Rb8 Bc7 39. Rb4 e5 40. Ra4 Kf5 41. Ra1 g4+ 42. fxg4+ Kg5 43. Re1 e4 44. Kh2
Kxg4 45. Rd1 Be6 46. Re1 Kf5 47. Rd1 Ke5 48. Kg1 Bb6+ 49. Kf1 Nf5 50. Ke1
Nxg3 51. Bb7 Bg1 52. Rd8 Bg4 53. Ba6 e3 54. Re8+ Kd6 55. Rf8 Ne4 56. g3
Bf2+ 57. Kf1 e2+ 0-1

[Event "10th EICC"]
[Site "Budva MNE"]
[Date "2009.03.15"]
[Round "9"]
[White "Djukic,Ni"]
[Black "Mchedlishvili,M"]
[Result "1/2-1/2"]
[WhiteElo "2500"]
[BlackElo "2619"]
[EventDate "2009.03.06"]

1. e4 c6 2. Nc3 d5 3. Nf3 a6 4. h3 d4 5. Ne2 c5 6. d3 Nc6 7. g3 e5 8. Bg2
Bd6 9. O-O Nge7 10. Nh4 Be6 11. f4 f6 12. Nf5 Nxf5 13. exf5 Bf7 14. fxe5
Bxe5 15. Nf4 O-O 16. Qg4 Bxf4 17. Bxf4 Kh8 18. Bxc6 bxc6 19. b3 Qd7 20. Bd2
Bd5 21. Rae1 Rae8 22. Qf4 g5 23. Qf2 h5 24. Rxe8 Rxe8 25. Re1 Kg7 26. Kf1
Kf7 27. Rxe8 Qxe8 28. Qe2 Qxe2+ 29. Kxe2 Bg2 30. h4 gxh4 31. gxh4 Ke7 32.
Ba5 1/2-1/2

[Event "10th EICC"]
[Site "Budva MNE"]
[Date "2009.03.15"]
[Round "9"]
[White "Shomoev,A"]
[Black "Pashikian,A"]
[Result "0-1"]
[WhiteElo "2567"]
[BlackElo "2621"]
[EventDate "2009.03.06"]

1. e4 e5 2. Nf3 Nc6 3. Bb5 a6 4. Ba4 Nf6 5. O-O Be7 6. Re1 b5 7. Bb3 O-O 8.
h3 Bb7 9. d3 d5 10. exd5 Nxd5 11. Nc3 Nxc3 12. bxc3 Qd6 13. a4 Na5 14. Ba3
c5 15. Nxe5 Nxb3 16. cxb3 Bf6 17. d4 b4 18. cxb4 cxb4 19. Bb2 Qd5 20. f3
Rfe8 21. Nc4 h5 22. Qd2 Bh4 23. Re4 Bg5 24. Rxe8+ Rxe8 25. Qxb4 Re2 26. Qc3
Qf5 27. Rf1 Bf4 28. d5 f6 29. Rf2 Qb1+ 30. Rf1 Bh2+ 31. Kxh2 Qxf1 32. Ne3
Qxf3 0-1

[Event "10th EICC"]
[Site "Budva MNE"]
[Date "2009.03.15"]
[Round "9"]
[White "Nijboer,F"]
[Black "Parligras,M"]
[Result "1-0"]
[WhiteElo "2560"]
[BlackElo "2605"]
[EventDate "2009.03.06"]

1. e4 c5 2. Nf3 d6 3. d4 cxd4 4. Nxd4 Nf6 5. Nc3 a6 6. Be3 e6 7. f3 b5 8.
Qd2 Nbd7 9. g4 Nb6 10. Qf2 Nfd7 11. O-O-O Bb7 12. Bd3 Rc8 13. Nce2 Nc5 14.
Kb1 Nba4 15. g5 Qc7 16. Rd2 g6 17. h4 e5 18. Nb3 h5 19. gxh6 Bxh6 20. Bxh6
Rxh6 21. Ng3 Ne6 22. Rdd1 Ke7 23. Qd2 Rch8 24. h5 Nf4 25. Na5 Bc8 26. c4
Nxd3 27. Qxd3 gxh5 28. b4 h4 29. Nf5+ Bxf5 30. exf5 Rb8 31. Qa3 Qd7 32. Ka1
bxc4 33. Qe3 Rf6 34. f4 Rxf5 35. Nxc4 Kf8 36. Rxh4 Rxb4 37. Rh8+ Ke7 38.
Nxe5 Rb1+ 39. Rxb1 dxe5 40. Qa3+ Ke6 41. Rh6+ Rf6 42. Qh3+ 1-0

[Event "10th EICC"]
[Site "Budva MNE"]
[Date "2009.03.15"]
[Round "9"]
[White "Huzman,A"]
[Black "Dobrov,V"]
[Result "1-0"]
[WhiteElo "2602"]
[BlackElo "2510"]
[EventDate "2009.03.06"]

1. Nf3 d5 2. d4 Nf6 3. c4 e6 4. g3 dxc4 5. Bg2 a6 6. O-O Nc6 7. Nc3 Rb8 8.
e4 Be7 9. Qe2 b5 10. Rd1 Nb4 11. d5 Nd3 12. dxe6 Bxe6 13. Ne1 O-O 14. Nxd3
cxd3 15. Rxd3 Qc8 16. b3 c5 17. Bf4 c4 18. Rdd1 cxb3 19. Nd5 Nxd5 20. exd5
Bg4 21. Qxe7 b2 22. Bxb8 bxa1=R 23. Rxa1 Qxb8 24. Re1 Rd8 25. h3 Bd7 26.
Rc1 b4 27. d6 Rc8 28. Rxc8+ Qxc8 29. Bb7 Qe8 30. Qxe8+ Bxe8 31. Bc8 Kf8 32.
d7 Bxd7 33. Bxd7 Ke7 34. Ba4 Kd6 35. Kf1 Ke5 36. Ke2 Kd4 37. Kd2 g5 38. Ke2
1-0

[Event "10th EICC"]
[Site "Budva MNE"]
[Date "2009.03.15"]
[Round "9"]
[White "Lenic,L"]
[Black "Svetushkin,D"]
[Result "1/2-1/2"]
[WhiteElo "2548"]
[BlackElo "2593"]
[EventDate "2009.03.06"]

1. d4 d5 2. c4 c6 3. Nf3 Nf6 4. e3 Bf5 5. Nc3 e6 6. Nh4 Be4 7. f3 Bg6 8.
Qb3 Qc7 9. Bd2 Be7 10. Nxg6 hxg6 11. O-O-O a6 12. cxd5 cxd5 13. Kb1 Nc6 14.
Rc1 O-O 15. Ne2 b5 16. Nf4 Bd6 17. Nd3 Qb6 18. Be2 Rfc8 19. Rc2 Na5 20.
Bxa5 Qxa5 21. Rhc1 Rc4 22. Ne5 Rxc2 23. Qxc2 Bxe5 24. dxe5 Nd7 25. f4 Nb6
26. Qc3 Qxc3 27. Rxc3 Nc4 28. b3 b4 29. Rd3 Na3+ 30. Kb2 Nb5 31. Rd2 Nc3
32. Bd3 a5 33. Bc2 Kf8 34. g3 Ke7 35. h4 Rd8 36. a3 Rc8 37. Bd3 Kd7 38. e4
Kc6 39. exd5+ exd5 40. Bc2 Kc5 41. Rh2 Kd4 42. h5 gxh5 43. Rxh5 Ke3 44. f5
d4 45. g4 Re8 46. f6 g6 47. Rh7 Nd5 48. axb4 axb4 49. Rxf7 d3 50. Rd7 Nf4
51. f7 Rf8 52. Bb1 Ke4 53. e6 Nxe6 54. Bxd3+ Ke3 55. Bc4 1/2-1/2

[Event "10th EICC"]
[Site "Budva MNE"]
[Date "2009.03.15"]
[Round "9"]
[White "Chirila,I"]
[Black "Gagunashvili,M"]
[Result "1/2-1/2"]
[WhiteElo "2485"]
[BlackElo "2585"]
[EventDate "2009.03.06"]

1. e4 d6 2. d4 Nf6 3. Nc3 g6 4. f4 Bg7 5. Nf3 c5 6. Bb5+ Bd7 7. e5 Ng4 8.
Bxd7+ Qxd7 9. d5 dxe5 10. h3 e4 11. hxg4 exf3 12. Qxf3 Na6 13. Bd2 Nb4 14.
O-O-O O-O-O 15. Ne4 Nxa2+ 16. Kb1 Qb5 17. Qa3 Nb4 18. Nxc5 a5 19. Bxb4 Qxb4
20. Qxb4 axb4 21. Rhe1 h5 22. g5 Bf8 23. Ne4 h4 24. Nf2 Rd7 25. Ka2 Bg7 26.
Nd3 Rhd8 27. Nxb4 e6 28. Rh1 Bf8 29. Nd3 Rxd5 30. Rxh4 Bd6 31. Re1 Rd4 32.
g3 Rd5 33. Rh7 Rd7 34. Kb1 Re7 35. Nf2 b5 36. Ne4 Kb7 37. Kc1 Kc6 38. Nf6
Rd4 39. c3 Rd3 40. Ne4 Bc7 41. Kc2 Rf3 42. Rh2 Bb6 43. Rd2 Kc7 44. Nf6 Kc6
45. Red1 Rxg3 46. Rd6+ Kb7 47. Rd7+ Rxd7 48. Rxd7+ Kc6 49. Rxf7 Be3 50. Ne8
Rg4 51. Rc7+ Kb6 52. Re7 Bxf4 53. Rxe6+ Kb7 54. Rf6 Rg2+ 55. Kb1 Rg1+ 56.
Ka2 Bxg5 57. Rxg6 Be3 58. Re6 Bc5 59. b4 Bf8 60. Rf6 Rg8 61. Rf7+ Kc6 62.
Nf6 Rg2+ 63. Kb3 Bh6 64. Nd7 Bg7 65. Nb8+ Kb6 66. Rf3 Rg6 67. Nd7+ Kc6 68.
Nc5 Be5 69. Re3 Bd6 70. Ne6 Kb6 71. Nd4 Rh6 72. Kc2 Rg6 73. Kb3 Rh6 74. Re8
Rg6 75. Ra8 Rg5 76. Rc8 Kb7 77. Rh8 Re5 78. Rh6 Bc7 79. Rh7 Kb6 80. Rd7 Kb7
81. Rh7 Kb6 82. Rh6+ Kb7 83. Ne6 Bb6 84. Nf4 Rf5 85. Nd3 Rg5 86. Re6 Rf5
87. Re7+ Kc6 88. Re6+ Kb7 89. Ne5 Kc7 90. Nc6 Kb7 91. Ne5 Kc7 92. Nd3
1/2-1/2

[Event "10th EICC"]
[Site "Budva MNE"]
[Date "2009.03.15"]
[Round "9"]
[White "Iordachescu,V"]
[Black "Anisimov,P2"]
[Result "1/2-1/2"]
[WhiteElo "2584"]
[BlackElo "2488"]
[EventDate "2009.03.06"]

1. e4 c5 2. Nf3 Nf6 3. Nc3 d6 4. d4 cxd4 5. Nxd4 h6 6. a4 g6 7. Be2 Bg7 8.
O-O O-O 9. Be3 Nc6 10. Qd2 Bd7 11. Rfd1 Re8 12. f3 Nxd4 13. Bxd4 Qa5 14.
Ra3 Bc6 15. Bf1 Rac8 16. Qe3 Nd7 17. Bxg7 Kxg7 18. Qd4+ Qe5 19. Ne2 Qxd4+
20. Nxd4 Ne5 21. a5 Bd7 1/2-1/2

[Event "10th EICC"]
[Site "Budva MNE"]
[Date "2009.03.15"]
[Round "9"]
[White "Maslak,K"]
[Black "Savchenko,B"]
[Result "0-1"]
[WhiteElo "2541"]
[BlackElo "2654"]
[EventDate "2009.03.06"]

1. d4 Nf6 2. c4 g6 3. Nc3 Bg7 4. e4 d6 5. Be2 O-O 6. Nf3 Nbd7 7. Be3 a6 8.
O-O Ng4 9. Bg5 f6 10. Bd2 e5 11. h3 Nh6 12. Be3 Nf7 13. Qc2 c6 14. Rfd1 Qe7
15. b4 exd4 16. Nxd4 Re8 17. Bf4 Nf8 18. Bg3 Ne6 19. Nxe6 Bxe6 20. Re1 f5
21. exf5 Bxf5 22. Qd2 d5 23. c5 a5 24. Bg4 Qg5 25. Bf4 Qf6 26. Na4 axb4 27.
Nb6 b3 28. Nxa8 Rxa8 29. Qb4 Be4 30. Qxb7 Rxa2 31. Rxa2 bxa2 32. Qa8+ Bf8
33. Bd6 Nxd6 34. cxd6 Qxd6 35. Qxa2 Qb4 36. Qa1 h5 37. Be6+ Kh7 38. f3 Bg7
39. Qd1 Bc2 40. Qe2 Bd3 41. Qd1 Bd4+ 42. Kh1 Bf2 43. Re5 Qd4 44. Rg5 Kh6
45. f4 Qxf4 46. Rxd5 cxd5 47. Bxd5 Qe3 48. Bf3 h4 49. Qa1 Qe1+ 50. Qxe1
Bxe1 51. Kg1 Bg3 52. Bd5 Kg5 53. Bc6 Kf4 54. Bd5 Ke3 55. Bc6 Be4 56. Bb5
Be5 57. Bc4 Kd2 58. Bb5 Kc1 59. Kh1 Bd4 0-1

[Event "10th EICC"]
[Site "Budva MNE"]
[Date "2009.03.15"]
[Round "9"]
[White "Postny,E"]
[Black "Cvitan,O"]
[Result "1-0"]
[WhiteElo "2652"]
[BlackElo "2542"]
[EventDate "2009.03.06"]

1. d4 Nf6 2. c4 e6 3. Nf3 b6 4. g3 Bb4+ 5. Bd2 Bxd2+ 6. Qxd2 Ba6 7. b3 c6
8. Bg2 d5 9. O-O O-O 10. Rc1 Nbd7 11. a4 c5 12. Na3 Bb7 13. b4 Rc8 14. cxd5
Bxd5 15. dxc5 bxc5 16. b5 a6 17. a5 Ne4 18. Qe1 axb5 19. Nxb5 Ra8 20. Nc3
Nxc3 21. Qxc3 Ra6 22. Bf1 Ra7 23. Nd2 Qa8 24. f3 Rc8 25. e4 Bb7 26. Nc4 Qb8
1-0

[Event "10th EICC"]
[Site "Budva MNE"]
[Date "2009.03.15"]
[Round "9"]
[White "Sanikidze,T"]
[Black "Beliavsky,A"]
[Result "0-1"]
[WhiteElo "2522"]
[BlackElo "2646"]
[EventDate "2009.03.06"]

1. d4 Nf6 2. c4 e6 3. Nc3 Bb4 4. Qc2 O-O 5. e4 d5 6. e5 Ne4 7. Bd3 c5 8.
Nge2 Nc6 9. cxd5 exd5 10. O-O cxd4 11. Nxd5 Qxd5 12. Bxe4 Qxe5 13. Bxh7+
Kh8 14. Bf4 Qf6 15. Be4 Bg4 16. f3 Bh5 17. Qc4 Rfe8 18. Bg3 Bg6 19. Nf4
Bxe4 20. fxe4 Rxe4 21. Nd5 Qe6 22. Qb5 a6 23. Qxb7 Ra7 24. Qb6 Qxd5 25.
Rac1 Re2 26. Bf2 Bc3 27. bxc3 d3 28. Rcd1 Rd7 29. Qxa6 Ne5 30. Rfe1 Rxe1+
31. Rxe1 d2 32. Rd1 Qe4 33. Qf1 Rd6 34. Bd4 Rf6 35. Bf2 Nc4 36. g3 Ne3 37.
Qh3+ Rh6 0-1

[Event "10th EICC"]
[Site "Budva MNE"]
[Date "2009.03.15"]
[Round "9"]
[White "Lopez Martinez,Josep"]
[Black "Khenkin,I"]
[Result "1/2-1/2"]
[WhiteElo "2540"]
[BlackElo "2644"]
[EventDate "2009.03.06"]

1. e4 e5 2. Nf3 d6 3. d4 exd4 4. Nxd4 Nf6 5. Nc3 Be7 6. Bd3 O-O 7. O-O Re8
8. h3 Nbd7 9. Kh1 Nc5 10. Qf3 Nxd3 11. cxd3 c6 12. Nf5 Bxf5 13. Qxf5 Nd7
14. d4 g6 15. Qf3 Bf6 16. Rd1 Bg7 17. Qg3 Nf6 18. Qf3 d5 19. Bg5 dxe4 20.
Nxe4 Rxe4 21. Bxf6 Qd5 22. Rd2 Rae8 23. Bxg7 Kxg7 24. Qc3 Re2 25. Rad1 h5
26. a3 h4 27. Qf3 Rxd2 28. Rxd2 Qxf3 29. gxf3 Kf6 30. Kg2 Kf5 31. Rd3 Rd8
32. Re3 f6 33. Re4 g5 34. Kf1 Rd5 35. Re7 Rb5 36. b4 a5 37. bxa5 Rxa5 38.
Rxb7 Rxa3 39. Kg2 Ke6 40. Rc7 Rc3 41. Rc8 Rc4 42. Kf1 Kd7 43. Rf8 Ke6 44.
Rc8 Kf5 45. Kg2 Rc3 46. Re8 Kg6 47. Re7 Rc4 48. Rc7 Kf5 49. Rc8 Ke6 50. Kf1
1/2-1/2

[Event "10th EICC"]
[Site "Budva MNE"]
[Date "2009.03.15"]
[Round "9"]
[White "Belov,Vl"]
[Black "Ragger,M"]
[Result "1/2-1/2"]
[WhiteElo "2627"]
[BlackElo "2540"]
[EventDate "2009.03.06"]

1. e4 e5 2. Nf3 Nc6 3. d4 exd4 4. Nxd4 Nf6 5. Nxc6 bxc6 6. e5 Qe7 7. Qe2
Nd5 8. c4 Ba6 9. b3 g6 10. f4 f6 11. Qe4 Nb6 12. Nd2 fxe5 13. Qxe5 Qxe5+
14. fxe5 Bg7 15. Bb2 d6 16. O-O-O dxe5 17. Nf3 O-O 18. Bxe5 Bxe5 19. Nxe5
Rae8 20. Nf3 c5 21. Bd3 Bb7 22. Rhf1 Nc8 23. Rde1 Nd6 24. Rxe8 Rxe8 25. Ne1
a5 26. g3 a4 27. bxa4 Ra8 28. Bc2 Bc6 29. Rf2 Bxa4 30. Bxa4 Rxa4 31. Nd3
Nxc4 32. Nxc5 Ra8 33. Ne6 Ne5 34. Re2 Ra5 35. Kb2 Kf7 36. Ng5+ Kg7 37. Kc3
h6 38. Ne4 g5 39. Rc2 c5 40. Nd6 Kf6 41. Re2 Nc6 42. Nc4 Ra4 43. Nb6 Rd4
44. a4 Rd1 45. Kc4 Rc1+ 46. Kd5 Ne7+ 47. Kd6 Nf5+ 1/2-1/2

[Event "10th EICC"]
[Site "Budva MNE"]
[Date "2009.03.15"]
[Round "9"]
[White "Kotronias,V"]
[Black "Nanu,C"]
[Result "1-0"]
[WhiteElo "2603"]
[BlackElo "2506"]
[EventDate "2009.03.06"]

1. e4 c6 2. d4 d5 3. Nc3 dxe4 4. Nxe4 Bf5 5. Ng3 Bg6 6. h4 h6 7. Nf3 Nd7 8.
h5 Bh7 9. Bd3 Bxd3 10. Qxd3 e6 11. Bf4 Qa5+ 12. Bd2 Qc7 13. O-O-O O-O-O 14.
Ne4 Ngf6 15. g3 Nxe4 16. Qxe4 Nf6 17. Qe2 Bd6 18. c4 c5 19. Bc3 cxd4 20.
Nxd4 a6 21. Kb1 Rd7 22. Nb3 Qc6 23. Rh4 Rhd8 24. Rc1 Kb8 25. a3 Bc7 26. Ka2
Ka8 27. Rc2 Qd6 28. Nd4 Qb6 29. b4 Qa7 30. c5 Rd5 31. Bb2 Qb8 32. b5 Be5
33. c6 Re8 34. cxb7+ Qxb7 35. bxa6 Qd7 36. Nc6 Bxb2 37. Kxb2 Rc8 38. Rhc4
Rb5+ 39. Ka2 Re8 40. Rd4 Rd5 41. Rb4 1-0

[Event "10th EICC"]
[Site "Budva MNE"]
[Date "2009.03.15"]
[Round "9"]
[White "Spoelman,W"]
[Black "Maze,S"]
[Result "0-1"]
[WhiteElo "2493"]
[BlackElo "2579"]
[EventDate "2009.03.06"]

1. e4 e5 2. Nf3 Nc6 3. Bb5 Nf6 4. O-O Nxe4 5. d4 Nd6 6. Bxc6 dxc6 7. dxe5
Nf5 8. Qxd8+ Kxd8 9. Nc3 h6 10. h3 Ne7 11. b3 Ng6 12. Bb2 a5 13. Rad1+ Ke8
14. Rfe1 Nf4 15. Nd4 Ne6 16. Nf5 Bd7 17. Ne4 h5 18. g4 hxg4 19. hxg4 c5 20.
f3 Bc6 21. Kg2 a4 22. Nc3 g6 23. Ne3 Nf4+ 24. Kf2 Be7 25. Nf1 Rh3 26. Re3
Bh4+ 27. Kg1 Bxf3 28. Rxf3 Rxf3 29. Ne4 axb3 30. axb3 Ra2 31. Rb1 Ne6 32.
Nfd2 Rf4 33. Nc3 Rxg4+ 34. Kh2 Bg3+ 35. Kh3 Rg5 36. Ne2 Bxe5 0-1

[Event "10th EICC"]
[Site "Budva MNE"]
[Date "2009.03.15"]
[Round "9"]
[White "Yemelin,V"]
[Black "Doric,D"]
[Result "1-0"]
[WhiteElo "2578"]
[BlackElo "2477"]
[EventDate "2009.03.06"]

1. e4 c6 2. Nc3 d5 3. Nf3 a6 4. d4 Bg4 5. h3 Bh5 6. Be2 e6 7. O-O Nd7 8.
Bf4 Bg6 9. Bd3 Bb4 10. exd5 exd5 11. Bxg6 hxg6 12. Ne2 Qb6 13. c4 dxc4 14.
d5 cxd5 15. a3 Bc5 16. Nc3 Ndf6 17. Nxd5 Nxd5 18. Qxd5 Ne7 19. Qxc4 O-O 20.
b4 Bd6 21. Bxd6 Qxd6 22. Rad1 Qf6 23. Qc7 Nf5 24. Qxb7 Qc3 25. a4 Nh6 26.
Ra1 Rab8 27. Qe4 Rbe8 28. Qf4 Re6 29. Rfc1 Qd3 30. Rd1 Qc3 31. Rdc1 Qd3 32.
Rd1 Qc3 33. Ng5 Rf6 34. Qd4 Qc6 35. Rac1 Qa8 36. Rc5 Rc8 37. Rd5 Rfc6 38.
Rd7 1-0

[Event "10th EICC"]
[Site "Budva MNE"]
[Date "2009.03.15"]
[Round "9"]
[White "Perunovic,Mil"]
[Black "Jakovljevic,Vlado"]
[Result "1-0"]
[WhiteElo "2568"]
[BlackElo "2420"]
[EventDate "2009.03.06"]

1. e4 e5 2. Nf3 Nc6 3. Bc4 Nf6 4. d3 h6 5. O-O d6 6. c3 g6 7. Bb3 Bg7 8.
Re1 O-O 9. Nbd2 Kh7 10. Nf1 Nh5 11. h3 Bd7 12. d4 Qf6 13. Ne3 Rae8 14. dxe5
Nxe5 15. Nxe5 Rxe5 16. Ng4 Bxg4 17. hxg4 Nf4 18. Qf3 Ne6 19. Qxf6 Bxf6 20.
f4 Bh4 21. Re2 Ra5 22. Kh2 Bf6 23. Bd2 Nc5 24. Bc2 Na4 25. e5 dxe5 26. b4
Ra6 27. g5 Bh8 28. fxe5 b5 29. Bb3 Nb6 30. Rf1 Kg8 31. e6 Nc4 32. exf7+ Kh7
33. Bxc4 bxc4 34. Re8 1-0

[Event "10th EICC"]
[Site "Budva MNE"]
[Date "2009.03.15"]
[Round "9"]
[White "Kurmann,O"]
[Black "Chadaev,N"]
[Result "1/2-1/2"]
[WhiteElo "2415"]
[BlackElo "2568"]
[EventDate "2009.03.06"]

1. e4 e5 2. Nf3 Nc6 3. Bc4 Bc5 4. c3 Nf6 5. d3 d6 6. Bb3 a6 7. h3 Ba7 8.
Nbd2 h6 9. Nf1 Be6 10. Ng3 Qd7 11. Ba4 b5 12. Bc2 d5 13. exd5 Bxd5 14. O-O
O-O 15. Re1 Rfe8 16. Be3 Bb6 17. Bxb6 cxb6 18. a3 g6 19. Re3 Re7 20. d4
exd4 21. Rxe7 Qxe7 22. Nxd4 Rd8 23. Nxc6 Bxc6 24. Qe1 Qc5 25. Rd1 Re8 26.
Qd2 Kg7 27. Qd4 h5 28. h4 Re5 29. Qxc5 bxc5 30. f3 Bd5 31. Kf2 a5 32. Nf1
Be6 33. Ne3 c4 34. Rd6 Rc5 35. Ra6 b4 36. axb4 axb4 37. cxb4 Rb5 38. Ra4
Rb8 39. b5 Rxb5 40. Nxc4 Bxc4 41. Rxc4 Rxb2 42. Rc5 Nd7 43. Rc7 Nf8 44. Rc4
Ne6 45. g4 hxg4 46. fxg4 Ra2 47. g5 Kf8 48. Kg3 Ra3+ 49. Kg4 Ke7 50. Ra4
Rxa4+ 1/2-1/2

[Event "10th EICC"]
[Site "Budva MNE"]
[Date "2009.03.15"]
[Round "9"]
[White "Vedmediuc,S"]
[Black "Deviatkin,A"]
[Result "0-1"]
[WhiteElo "2414"]
[BlackElo "2566"]
[EventDate "2009.03.06"]

1. e4 c5 2. Nf3 d6 3. d4 cxd4 4. Nxd4 Nf6 5. Nc3 a6 6. Bg5 e6 7. f4 Qb6 8.
Nb3 Be7 9. Qf3 Nbd7 10. O-O-O Qc7 11. g4 b5 12. Bxf6 Nxf6 13. g5 Nd7 14.
Kb1 Bb7 15. Bd3 Nc5 16. Rhe1 b4 17. Ne2 O-O 18. Nxc5 Qxc5 19. Ng3 a5 20.
Qh5 Ba6 21. e5 Bxd3 22. Rxd3 Rfc8 23. Rd2 g6 24. Qf3 d5 25. Ne2 a4 26. b3
Qa7 27. h4 Bc5 28. Nc1 Bd4 29. Ree2 Rc3 30. Rd3 axb3 31. cxb3 Rac8 32. Rxc3
Rxc3 33. Qf1 Be3 34. Rc2 Rxc2 35. Kxc2 Qc5+ 36. Kb1 Qc3 37. Ne2 Qd3+ 38.
Kb2 Bd4+ 39. Kc1 Bc3 0-1